Building Construction / (Record no. 154267)

MARC details
000 -LEADER
fixed length control field 00855nam a22002417a 4500
005 - DATE AND TIME OF LATEST TRANSACTION
control field 20180720104040.0
010 ## - LCCN (DPL NO)
LC control number B-698575
020 ## - INTERNATIONAL STANDARD BOOK NUMBER
International Standard Book Number 9788131804285
Terms of availability 550.00
035 ## - SYSTEM CONTROL NUMBER
System control number B-698575
037 ## - SOURCE OF ACQUISITION
Source of stock number/acquisition RK Books
082 ## - DEWEY DECIMAL CLASSIFICATION NUMBER
Edition number Eleventh Edition
Classification number 690
100 ## - MAIN ENTRY--PERSONAL NAME
Personal name Punmia, B.C. .
245 ## - TITLE STATEMENT
Title Building Construction /
Statement of responsibility, etc B.C.Punmia, Ashok K. Jain and Arun K. Jain
250 ## - EDITION STATEMENT
Edition statement 11th Edition
260 ## - PUBLICATION, DISTRIBUTION, ETC. (IMPRINT)
Place of publication, distribution, etc New Delhi
Name of publisher, distributor, etc Laxmi publication (P) LTD
Date of publication, distribution, etc 2017
270 ## - ADDRESS
Address 113,Goldev House, Driyaganj
City New Delhi
Postal code 110002
300 ## - PHYSICAL DESCRIPTION
Extent 664p.
Other physical details ill.
Dimensions 24x18 C.M.(pbk)
500 ## - GENERAL NOTE
General note Index
700 ## - ADDED ENTRY--PERSONAL NAME
Personal name jain, Ashok kumer
710 ## - ADDED ENTRY--CORPORATE NAME
Corporate name or jurisdiction name as entry element Jain, Arun kumar
942 ## - ADDED ENTRY ELEMENTS (KOHA)
Source of classification or shelving scheme Dewey Decimal Classification
Item type English Books
Classification part 910
Call number suffix PUN
Holdings
Withdrawn status Lost status Materials specified (bound volume or other part) Not for loan Collection code Home library Current library Date acquired Source of acquisition Cost, normal purchase price Full call number Barcode Copy number Cost, replacement price Koha item type
    RP Books   Non-fiction Central Library Central Library 18/07/2018 RK Books,154/26.06.2018/IN-759/18-19/05.07.18/12.07.2018 550.00 910 PUN B-698575 1 550.00 English Books

© Delhi Public Library
Hit Counter
free hit counter